Bitácora TDAH : (Registro nro. 11341)

Detalles MARC
000 -LIDER
fixed length control field 00995nam a22002777a 4500
003 - IDENTIFICACDOR DE NÚMERO DE CONTROL
control field DO-SdBNP
005 - DATE AND TIME OF LATEST TRANSACTION
control field 20220303090555.0
008 - ELEMENTOS DE LONGITUD FIJA
fixed length control field 160906b dr 2007 |||| 00| 0 spa d
020 ## - ISBN
International Standard Book Number 9789707700659
040 ## - FUENTE DE CATALOGACIÓN
Agencia que crea de manera original el registro BPMSU
Idioma de catalogación spa
Agencia que realiza la transcripción BPMSU
082 #4 - NÚMERO DE CLASIFICACIÓN DECIMAL DE DEWEY
Classification number 371.9
Item number M953b
100 ## - ASIENTO PRINCIPAL -- NOMBRE PERSONAL
Nombre personal Muñiz Sánchez, Rosario
245 10 - MENCIÓN DE TITULO
Título Bitácora TDAH :
Subtítulo una innovadora propuesta psicomotriz para la atención del niño con trastorno por déficit de atención e hiperactividad.
Mención de responsabilidad Rosario Muñiz Sánchez
260 ## - PUBLICACIÓN, DISTRIBUCIÓN, ETC. (PIE DE IMPRENTA)
Lugar de publicación, distribución, etc México :
Nombre del editor, distribuidor, etc. Aguilar,
Fecha de publicación, distribución, etc 2007
300 ## - DESCRIPCIÓN FÍSICA
Extensión 239 p.:
Otros detalles físicos il. ;
Dimensiones 23 cm.
500 ## - NOTA GENERAL
Materiales especificados Incluye datos biográficos de la autora en la página 239
504 ## - NOTA DE BIBLIOGRAFÍA, ETC.
Bibliography, etc Bibliografía: p. 235- 238
590 ## - NOTA LOCAL
Enlace Inventariado,2022/VM
650 #4 - ENCABEZAMIENTO DE MATERIA--TEMÁTICO
Término temático o nombre geográfico como elemento de entrada Déficit de atención con hiperactividad
650 #4 - ENCABEZAMIENTO DE MATERIA--TEMÁTICO
Término temático o nombre geográfico como elemento de entrada Psicología infantil
650 #4 - ENCABEZAMIENTO DE MATERIA--TEMÁTICO
Término temático o nombre geográfico como elemento de entrada Trastornos trastornos del aprendizaje
650 #4 - ENCABEZAMIENTO DE MATERIA--TEMÁTICO
Término temático o nombre geográfico como elemento de entrada Educación especial
700 ## - ASIENTO SECUNDARIO -- NOMBRE PERSONAL
Nombre personal Morales Campero, Ernesto,
Mención de responsabilidad il.
910 ## - VALIDACIÓN
Validación VMateo V.
942 ## - ADDED ENTRY ELEMENTS (KOHA)
Source of classification or shelving scheme Dewey Decimal Classification
Koha item type Libros
Existencias
Withdrawn status Lost status Source of classification or shelving scheme Damaged status Not for loan Collection code Home library Current library Date acquired Source of acquisition Total Checkouts Full call number Barcode Date last seen Price effective from Koha item type Copy number
    Dewey Decimal Classification     Colección General Biblioteca Pública Metropolitana Salomé Ureña Biblioteca Pública Metropolitana Salomé Ureña 09/06/2016 Santillana   371.9 M953b BPMSU16090211 09/06/2016 09/06/2016 Libros  
    Dewey Decimal Classification     Colección General Biblioteca Pública Metropolitana Salomé Ureña Biblioteca Pública Metropolitana Salomé Ureña 09/06/2016 Santillana   371.9 M953b BPMSU16090212 09/06/2016 09/06/2016 Libros ej. 2
    Dewey Decimal Classification     Colección General Biblioteca Pública Metropolitana Salomé Ureña Biblioteca Pública Metropolitana Salomé Ureña 09/06/2016 Santillana   371.9 M953b BPMSU16090213 09/06/2016 09/06/2016 Libros ej. 3